| 000 | 00391 a2200169 4500 | ||
|---|---|---|---|
| 001 | 71521 | ||
| 020 | _a | ||
| 040 | _cAnchieta - Colégio São Paulo | ||
| 100 | _aDevoto, Liliana de | ||
| 240 | 1 | 0 |
_aGraças a Deus pela vida _lpor |
| 245 | 1 | 0 | _aGraças a Deus pela vida |
| 300 | _a[30p.] | ||
| 362 | 0 | _a1984 | |
| 440 | 1 | _aPaulinas | |
| 650 | 4 | _aLiteratura infanto-juvenil | |
| 942 | _cBK | ||
| 999 |
_c71521 _d71521 |
||